BAFTA Best Films - Statistics

General Stats
  • This quiz has been taken 141 times
  • The average score is 18 of 81
Answer Stats
Year Film % Correct
1983 Gandhi
59%
2014 12 Years a Slave
56%
2001 Gladiator
56%
1982 Chariots of Fire
54%
2009 Slumdog Millionaire
52%
2012 The Artist
52%
1963 Lawrence of Arabia
51%
2011 The King's Speech
48%
2013 Argo
46%
2000 American Beauty
45%
1994 Schindler's List
44%
1999 Shakespeare In Love
44%
1978 Annie Hall
42%
1949 Hamlet
40%
2010 The Hurt Locker
40%
1960 Ben-Hur
38%
1966 My Fair Lady
38%
1977 One Flew Over the Cuckoo's Nest
37%
1997 The English Patient
36%
2002 The Lord of the Rings: The Fellowship of the Ring
33%
2004 The Lord of the Rings: The Return of the King
33%
1995 Four Weddings and a Funeral
31%
1991 Goodfellas
31%
1961 The Apartment
31%
1993 Howard's End
30%
1989 The Last Emperor
30%
1973 Cabaret
29%
2008 Atonement
27%
1998 The Full Monty
27%
1951 All About Eve
26%
2006 Brokeback Mountain
26%
1958 The Bridge on the River Kwai
26%
1968 A Man For All Seasons
25%
1970 Midnight Cowboy
25%
2007 The Queen
25%
1964 Tom Jones
24%
1987 A Room with a View
23%
1996 Sense and Sensibility
23%
2015 Boyhood
22%
2003 The Pianist
22%
1984 Educating Rita
20%
2005 The Aviator
19%
1969 The Graduate
18%
1971 Butch Cassidy and the Sundance Kid
16%
1985 The Killing Fields
16%
1965 Dr Strangelove Or: How I Learned to Stop Worrying and Love the Bomb
15%
1981 The Elephant Man
15%
1959 Room at the Top
14%
1980 Manhattan
13%
1972 Sunday Bloody Sunday
12%
1967 Who's Afraid of Virginia Woolf?
12%
1979 Julia
11%
1956 Richard III
11%
1950 The Third Man
10%
1990 Dead Poets Society
9%
1992 The Commitments
9%
1952 The Lavender Hill Mob
9%
1962 A Taste of Honey
8%
1961 Saturday Night and Sunday Morning
8%
1986 The Purple Rose of Cairo
8%
1988 Jean de Florette
7%
1949 The Best Years of Our Lives
7%
1962 (TIE) The Hustler
7%
1953 The Sound Barrier
7%
1976 Alice Doesn't Live Here Anymore
5%
1962 (TIE) Ballad of a Soldier
4%
1950 Bicycle Thieves
4%
1974 Day for Night
4%
1955 Hobson's Choice
4%
1975 Lacombe Lucien
4%
1954 Forbidden Games
3%
1957 Gervaise
3%
1952 La Ronde
3%
1949 Odd Man Out
3%
1957 Reach for the Sky
3%
1951 The Blue Lamp
3%
1949 The Fallen Idol
3%
1955 The Wages of Fear
3%
1960 Sapphire
2%
1966 The Ipcress File
2%
1967 The Spy Who Came In From The Cold
2%
No matching quizzes found
Score Distribution
Percent of People with Each Score
Percentile by Number Answered
Your Score History
You have not taken this quiz